| 000 | 00671nam a2200241 a 4500 | ||
|---|---|---|---|
| 999 |
_c12431 _d12431 |
||
| 001 | 12431 | ||
| 003 | BD-JhCC | ||
| 005 | 20220216083121.0 | ||
| 008 | 220216b1991 pk |||| ||a| 001 0 eng d | ||
| 020 | _a9694620023 | ||
| 035 | _a(BD-JhCC)12431 | ||
| 040 |
_aBD-JhCC _dBD-JhCC |
||
| 041 | _aenglish | ||
| 082 |
_a320.5 _bAMI 1991 |
||
| 100 | _aAmir,Tahir | ||
| 245 |
_aNationalism And Internationalism In Liberalism,Marxism And Islam / _cTahir Amir. |
||
| 260 |
_aPakistan : _bInternational Institute Of Islamic Thought,Islamabad; _c1991. |
||
| 300 |
_a106 p. : _c22 cm. |
||
| 650 | _aNationalism | ||
| 650 | _aInternationalism | ||
| 942 |
_2ddc _cBK |
||